Bass players in Metal - Statistics

General Stats
  • This quiz has been taken 637 times
    626 since last reset
  • The average score is 11 of 23
Answer Stats
Hint Answer % Correct
Cliff Burton Metallica
95%
Robert Trujillo Metallica
93%
Jason Newsted Metallica
90%
Ian Kilmister Motörhead
84%
Geezer Butler Black Sabbath
82%
Steve Harris Iron Maiden
81%
Tom Araya Slayer
80%
Nikki Sixx Mötley Crüe
79%
David Ellefson Megadeth
73%
Roger Glover Deep Purple
45%
Necrobutcher Mayhem
43%
Ian Hill Judas Priest
41%
Cronos Venom
39%
Joey Demaio Manowar
33%
Alex Webster Cannibal Corpse
31%
Abbath Doom Occulta Immortal
30%
Glen Benton Deicide
28%
Tom Angelripper Sodom
24%
Dan Lilker Nuclear Assault
18%
DD Verni Overkill
17%
Mark Mendoza Twisted Sister
13%
Peter Baltes Accept
11%
Roberto Fioretti Kreator
5%
No matching quizzes found
Score Distribution
Percent of People with Each Score
Percentile by Number Answered
Your Score History
You have not taken this quiz since the last reset